000 00710nam a2200241 a 4500
008
020 _a0521422272 (pbk.)
049 _aMAIN
090 _aQA241
_bDAV
100 1 _aDavenport, Harold.
245 1 4 _aThe higher arithmetic :
_ban introduction to the theory of numbers /
_cH. Davenport.
250 _a6th ed.
260 _aCambridge :
_bCambridge University Press,
_c1992.
300 _a217 p. ;
_c22 cm.
504 _aIncludes bibliographical references.
500 _aIncludes index.
650 0 _aNumber theory.
907 _a.b10003241
_b24-04-12
_c17-04-03
003
005 20230123133112.0
040 _cNUST
942 _cBOOKS
_kQA241
_mDAV
999 _c142764
_d142764